Istorija meždunarodnych otnošenij 1945-2017

Gespeichert in:
Bibliographische Detailangaben
1. Verfasser: Bogaturov, Aleksej Demosfenovič
Weitere Verfasser: Averkov, Viktor Viktorovič
Format: Buch
Sprache:Russisch
Veröffentlicht: Moskva Aspekt Press 2017
Ausgabe:2. ispravl. i dopoln. izd.
Schlagworte:
Tags: Tag hinzufügen
Keine Tags, Fügen Sie das erste Tag hinzu!

MARC

LEADER 00000nam a2200000 4500
001 0236412
005 20240221114127.7
020 |a 978-5-7567-0916-2 
041 0 |a rus 
044 |a RU 
245 1 0 |a Istorija meždunarodnych otnošenij 1945-2017  |c A. D. Bogaturov, V. V. Averkov 
250 |a 2. ispravl. i dopoln. izd. 
264 1 |a Moskva  |b Aspekt Press  |c 2017 
300 |a 559 s. 
610 2 0 |a vzťahy medzinárodné 
610 2 0 |a história 
610 2 0 |a formy organizácie politickej 
610 2 0 |a obdobie povojnové 
610 2 0 |a ideológia 
610 2 0 |a vojna studená 
610 2 0 |a kolonizácia 
610 2 0 |a dohody medzinárodné 
610 2 0 |a revolúcia 
610 2 0 |a komunizmus 
610 2 0 |a prognózy 
610 2 0 |a kríza 
610 2 0 |a politika zahraničná 
610 2 0 |a konflikty medzinárodné 
610 2 0 |a integrácia ekonomická medzinárodná 
610 2 0 |a vojny 
610 2 0 |a moc politická 
610 2 0 |a diplomacia 
610 2 0 |a svet 
610 2 0 |a USA 
610 2 0 |a Európska únia 
610 2 0 |a Rusko 
100 1 |a Bogaturov, Aleksej Demosfenovič 
700 1 |a Averkov, Viktor Viktorovič